Statistics for Game of Thrones Trivia Quiz

Click here to take the quiz!

General Stats

  • This quiz has been taken 43 times
  • The average score is 6 of 10

Answer Stats

HintAnswer% Correct
Who Kills Rickon StarkRamsay Bolton
94%
How old was Jamie Lannister when he was named to the Kingsgaurd16
86%
What is the name of Bran's Dire WolfSummer
78%
What is the name of Ned Stark's younger brotherBenjen Stark
72%
What are the words of House GreyjoyWe Do Not Sow
58%
Who kills the person mentioned abovePodrick Payne
56%
What family rules over OldtownHouse Hightower
53%
Who actually killed Sir Arthur DayneHowland Reed
42%
What was the name of the Kingsgaurd member that tried to kill Tyrion LannisterMandon Moore
31%
What is the seat of House UmberLast Hearth
28%

Score Distribution

Percentile by Number Answered

Percent of People with Each Score

Your Score History

You have not taken this quiz